00657 2200229 4500001002100000005001700021008004100038020001800079035002500097040001200122082002200134084002200156090002200178100003100200245005400231260003900285300002900324504001700353650002400370850001200394990002100406INLIS00000000000291620150413115040.0  a602-7762-29-2 a0010-031500000000333 aYOPDYOG aDEP 297.28 Ma'r M aDEP 297.28 Ma'r M aDEP 297.28 Ma'r M aMA RUF ABDULLAH, H.M, 1949 aManajemen berbasis syariah /cH.M Ma ruf Abdullah aYogyakartabAswaja Pressindoc2013 axxviii, 376 hlm.;b21 cm ahlm. 373-376 aIslam dan manajemen aYOPDYOG aCB-D11-2013-1838